000 01695cam a22005054i 4500
003 PE-LiUPU
005 20250731165643.0
008 150616s r 000 0 d
020 _a0687278023
035 _a(Sirsi) i9780687278022
040 _aPE-LiUPU
_bspa
_cPE-LiUPU
_erda
049 _aPRUA
082 0 4 _a230.2
_bM96
_221
100 1 _aMusser, Donald W.,
_eautor.
245 1 2 _aA New Handbook of Christian Theology.
264 1 _aNashville, TN :
_bAbingdon Press,
_c1992.
300 _a525 páginas ;
_c23 centímetros
336 _atext
_2rdacontent
337 _aunmediated
_2rdamedia
338 _avolume
_2rdacarrier
504 _aBibliografía al final de cada tema.
505 0 _aManual de teología, en orden alfabético.
526 _aSEG44
526 _aSEG26
526 _aP151
526 _aP150
526 _aP149
526 _aP146
526 _aP145
526 _aP126
526 _aP125
526 _aP92
526 _aP75
526 _aP74
526 _aP27
526 _aP15
650 0 4 _aTeología
_vManuales, Guías, etc.
910 _ajck
_bjvq
_cjck
942 _2ddc
_cBOOK
949 _aRC 230.2 M96
_wDEWEY
_c1
_i40640
_lCCODEBUL1
_mBUL
_r0
_sY
_tBOOK
_u2015-6-16
_xTEOLOGIA
_zUNKNOWN
_0COMPRA
_o.CIRCNOTE. No olvidar cambiar la fecha de devolución!!!!!!!
_o.STAFF. Colección General
994 _aC0
_bPEPRU
596 _a1
999 _aRC 230.2 M96
_wDEWEY
_c58430
_i40640
_f2022-3-31
_g6
_lCCODEBUL1
_mBUL
_r1
_sY
_tBOOK
_u2015-6-16
_xTEOLOGIA
_zUNKNOWN
_0COMPRA
_o.CIRCNOTE. No olvidar cambiar la fecha de devolución!!!!!!!
_o.STAFF. Colección General
_d58430
980 _81
_gALBERTO SANCHEZ Responsable de Automatización